La estática del sistema "suelo-agua" / (Record no. 175083)

MARC details
000 -LEADER
campo de control de longitud fija 00842nam a22002295i 4500
001 - NÚMERO DE CONTROL
campo de control 175083
003 - IDENTIFICADOR DE NÚMERO DE CONTROL
campo de control ES-MaACL
005 - FECHA Y HORA DE LA ÚLTIMA TRANSACCIÓN
campo de control 20250815103923.0
008 - DATOS DE LONGITUD FIJA--INFORMACIÓN GENERAL
campo de control de longitud fija 101005s1950 sp a |||| | spa d
080 ## - NÚMERO DE LA CLASIFICACIÓN DECIMAL UNIVERSAL
Número de la Clasificación Decimal Universal 631.432
100 1# - ENTRADA PRINCIPAL--NOMBRE DE PERSONA
Nombre de persona Hoyos de Castro, Angel.
9 (RLIN) 64433
245 13 - MENCIÓN DEL TÍTULO
Título La estática del sistema "suelo-agua" /
Mención de responsabilidad, etc. por A. Hoyos de Castro y J.L. Martín Vivaldi.
260 ## - PUBLICACIÓN, DISTRIBUCIÓN, ETC.
Lugar de publicación, distribución, etc. [Madrid] :
Nombre del editor, distribuidor, etc. Instituto de Edafología y Fisiología Vegetal,
Fecha de publicación, distribución, etc. 1950.
300 ## - DESCRIPCIÓN FÍSICA
Extensión 142 p. :
Otras características físicas il. ;
Dimensiones 26 cm.
490 1# - MENCIÓN DE SERIE
Mención de serie Monografías de ciencia moderna ;
Designación de volumen o secuencia 23
650 14 - PUNTO DE ACCESO ADICIONAL DE MATERIA--TÉRMINO DE MATERIA
Término de materia o nombre geográfico como elemento de entrada Suelos-
Subdivisión general Humedad.
9 (RLIN) 143448
700 1# - ENTRADA AGREGADA--NOMBRE PERSONAL
Nombre de persona Martin Vivaldi, J. L.
9 (RLIN) 143449
710 2# - ENTRADA AGREGADA--NOMBRE DE ENTIDAD CORPORATIVA
Nombre de entidad corporativa o nombre de jurisdicción como elemento de entrada Instituto de Edafología y Fisiología Vegetal.
9 (RLIN) 143435
830 1# - PUNTO DE ACCESO ADICIONAL DE SERIE-TÍTULO UNIFORME
Título uniforme Monografías de ciencia moderna
Designación de volumen o secuencia 23
9 (RLIN) 189470
852 4# - LOCALIZACIÓN
Ubicación ES-MaACL
Número de control de estantería E-13289
Encuadernación Olim P-555 bis
Holdings
Estatus retirado Estado de pérdida Estado de daño No para préstamo Biblioteca de origen Biblioteca actual Ubicación en estantería Fecha de adquisición Fuente de adquisición Total de préstamos Signatura topográfica completa Código de barras Visto por última vez Precio de reemplazo Tipo de ítem Koha
        Biblioteca del Ateneo de Madrid Biblioteca del Ateneo de Madrid Depósito 2 05/10/2010     E-13289 1183841 23/02/2023 23/02/2023 Libro impreso